00413nam a22001337a 4500008004100000020001800041040005500059080001200114245005900126260004900185300001000234650001200244700002300256230609b |||||||| |||| 00| 0 eng d a81-7169-359-8 aNational Science LibrarycNational Science Library a62 bN5 aDynamics of technology transfer and industrialisation  aNew Delhi: bCommonwealth Publishers, c1995 a355p. aScience aLuthra, Pran (Ed.)